000 00555nam a2200169 i 4500
001 67715
003 ES-MaACL
007 t|
008 040203s1973 ag ||||1| spa d
100 1 _aGaltung, Johan.
_953680
245 1 0 _aTeoría y métodos de la investigación social /
_cJohan Galtung ; [traducido por Edmundo Fuenzalida Faivovich].
250 _a[4ª ed.].
260 _aBuenos Aires :
_bEditorial Universitaria,
_c[1973]
300 _a2 v. ;
_c23 cm.
700 1 _aFuenzalida Faivovich, Edmundo.
_952954
852 _aES-MaACL
_jE-8570-1
_bR.93009
999 _c67715
_d67715